Statistiken für Geographie nach Buchstaben - I

Klicken Sie hier um das Quiz zu spielen!

Allgemein

  • Dieses Quiz wurde 270 mal gespielt
  • Das Durchschnittsergebnis liegt bei 14 aus 20

Antwortstatistiken

HinweisAntwort% Korrekt
Spanische PartyinselIbiza
97%
Mehrheitlich jüdisches LandIsrael
97%
Früher Byzanz und Konstantinopel genanntIstanbul
95%
Zweitgrößte Religion der WeltIslam
92%
Deutschlands größte I-Stadt, in BayernIngolstadt
88%
Einige seiner Inseln sind Flores, Bali und SulawesiIndonesien
87%
Seine Städte umfassen Shannon, Cork und DonegalIrland
87%
Es hat Küsten an der Adria, dem Ionischen und dem Tyrhennischen MeerItalien
87%
Ein Land und SubkontinentIndien
86%
Sein höchster Berg ist HvannadalshnjúkurIsland
86%
Dieses Land ist einst in Kuwait eingefallenIrak
84%
Austragungsort der Olympischen Winterspiele in ÖsterreichInnsbruck
82%
Seine Hauptstadt ist Springfield und seine größte Stadt ist ChicagoIllinois
80%
Spanisch-portugiesische HalbinselIberia
56%
Türkische Stadt, die einst als Smyrna bekannt warİzmir
51%
Berühmter Strand von Rio de JaneiroIpanema
48%
Dieser Fluss fließt durch PakistanIndus
41%
Hauptstadt des schottischen HighlandInverness
35%
Russische Oblast und Stadt am BaikalseeIrkutsk
24%
Kleine japanische Insel, Schauplatz einer berühmten Schlacht von 1945Iwojima
13%

Verteilung der Resultate

Perzentil nach korrekt beantworteten Fragen

Anzahl Personen mit jedem Resultat

Ihre Resultats-Entwicklung

Sie haben dieses Quiz noch nicht gespielt